| 000 | 01146cab a22002175a 4500 | ||
|---|---|---|---|
| 001 | L145043 | ||
| 008 | 080902s2008 xxko 000 0 eng d | ||
| 035 | _a(Sirsi) u145043 | ||
| 041 | 0 | _aeng | |
| 100 | 1 | _aHartwich, Oliver Marc | |
| 245 | 0 | 0 | _aHaus proud |
| 260 | _c2008 | ||
| 490 |
_aRoof _vSeptember/October 2008, 24-25(2) |
||
| 520 | _aDiscusses differences between the German and British housing markets and points out that new German houses are both larger and cheaper. The author explores what is different in the UK market and argues that an outdated planning system and complicated local government finances are partially responsible for the considerably higher rise in UK house prices over the last few decades. Proposes a shift towards devolved and incentivised planning to try and combat the marked undersupply in the UK housing market. | ||
| 650 | 2 | 4 | _aTOWN AND COUNTRY PLANNING ACT 1947 |
| 650 | 2 | 4 | _aENVIRONMENTAL AND LAND CONSULTANCY-PLANNING AND DEVELOPMENT |
| 651 | 4 |
_aGermany _y1990- |
|
| 651 | 4 |
_aUnited Kingdom _y |
|
| 690 | _aPROPERTY-RESIDENTIAL PROPERTY-DOMESTIC RESIDENTIAL PROPERTY-HOUSING-HOUSES | ||
| 942 | _n0 | ||
| 999 |
_c80687 _d80687 |
||